000 00817nam a2200289 i 4500
001 bgj
100 1 _aDOS PASSOS, John
_d(1896-1970).
245 1 0 _aManhattan transfer /
_cJohn Dos Passos ; with an introduction by Jay McInerney.
260 _aLondon :
_bPenguin Books,
_c1986.
300 _a360 pp ;
_c20 cm.
490 1 _aPenguin Twentieth-Century Classics
650 9 _aSocial problems
650 9 _aImmigrants
650 9 _aRich people
650 9 _aPsychological fiction
651 9 _aManhattan (New York, NY)
651 9 _aNew York (NY)
655 _aFiction
700 1 _aMCINERNEY, Jay.
830 _aPenguin Twentieth-Century Classics
020 _a0140180494
040 _cBPK
041 0 _aeng
920 _a0-14-018049-4
942 _cKS
008 s uk f |000 0 eng
999 _c47384
_d47384
856 _uhttp://koha.tu.koszalin.pl/cgi-bin/koha/opac-detail.pl?biblionumber=47384
_yKatalog online BPK